| 000 | 00711nam a2200265Ia 4500 | ||
|---|---|---|---|
| 003 | OSt | ||
| 005 | 20221005090434.0 | ||
| 006 | a|||||r|||| 00| 0 | ||
| 007 | ta | ||
| 008 | 221004b |||||||| |||| 00| 0 eng d | ||
| 020 | _a0023692502 | ||
| 024 | _a18510 | ||
| 037 | _cTextual | ||
| 040 |
_aCRL _cCRL _beng |
||
| 041 |
_2eng _aeng |
||
| 082 | _aSigma:f, M1 | ||
| 100 |
_aLeedy Paul D. _9615289 |
||
| 245 | 0 | _aHow to read research and understand it | |
| 260 |
_aNew York _bMacmillan Publishing Co. USA _c1981 |
||
| 300 |
_aix, 165p. _ccm. |
||
| 650 | _a SOCIAL SCIENCES | ||
| 650 | _aRESEARCH METHODS | ||
| 942 |
_hSigma:f, M1 _cTEXL _2cc |
||
| 999 |
_c995785 _d995785 |
||